000
00302 a2200121 4500
000
nam a22 7a 4500
005
20260207132222.0
020
_a
9789394384132
100
_a
Krishna Kumari
_9
1114349
245
_a
Vedas A Remedy for all Humans
260
_b
Saddle Publishers
_c
2024
942
_c
TEXL
999
_c
1678893
_d
1678893